000 00704nam a2200289Ia 4500
005 20260324112627.0
008 008 260324s9999 xx 000 0 eng d
020 _a9781003439691
037 _aEBOOK
040 _aCRL
040 _beng
040 _cCRL
041 _2eng
041 _aeng
084 _qCRL
100 _aMatteo Zaralli
_91139149
245 0 _aVirtual Reality and Artificial Intelligence
245 0 _bRisks and Opportunities for Your Business
260 _bTaylor and Francis
260 _c2024
365 _a
365 _b220
856 _uhttp://www.taylorfrancis.com/books/9781003439691
942 _cEBOOK
999 _c1732760
_d1732760